000 00587nam a2200205Ia 4500
005 20241129111326.0
008 241129s9999||||xx |||||||||||||| ||und||
037 _aTB
040 _aCRL
_beng
_cCRL
041 _aara
_2ara
084 _aO28:g N2
_qCRL
100 _aKhazin Waleem Au.
_9724081
245 0 _aAl-sher wa al-watnia fi Lebanon wa al-bazad al-arbia
_cKhazin Waleem Au.
260 _aBeirut, Lebanon
_bDarul ilm al-millaien
_c1992
300 _a540p.
365 _aINR
_b1824
650 _aArabic Literature
942 _cTB
_hO28:g N2
999 _c1229932
_d1229932